MARC

LEADER 00000nam0a2200000 4500
001 272796
005 20241126063152.0
020 |a RU  |b 87-67404 
035 |a (RuTPU)RU\TPU\book\296005 
090 |a 272796 
100 |a 20141021d1987 k y0rusy5003 ca 
101 0 |a rus 
102 |a RU 
105 |a y z 000zy 
200 1 |a Декрет о мире: история и современность  |f В. Г. Трухановский, Р. С. Шакиров 
210 |a Москва  |c Международные отношения  |d 1987 
215 |a 208 с. 
606 |a Россия  |x История  |7 ca  |8 rus  |2 stltpush  |3 (RuTPU)RU\TPU\subj\64777  |9 81526 
606 1 |a Мирное сосуществование  |x Курс внешней политики  |y СССР  |2 stltpush  |3 (RuTPU)RU\TPU\subj\44086  |9 63460 
610 1 |a внешняя политика 
610 1 |a СССР 
610 1 |a история 
610 1 |a декреты 
610 1 |a внешняя политика 
686 |a Т3(2)711.2  |2 rubbk 
686 |a Ф4(2)3  |2 rubbk 
700 1 |a Трухановский  |b Владимир Григорьевич  |4 070 
701 1 |a Шакиров  |b Рафаэль Салихович  |4 070 
801 0 |a RU  |b RuMRKP  |c 19950417  |g psbo 
801 1 |a RU  |b 63413507  |c 20141021 
801 2 |a RU  |b 63413507  |c 20161230  |g RCR 
942 |c BK